Nové výzvy pre podnikovú zamestnaneckú politiku diplomová práca

Na minha lista:
Detalhes bibliográficos
Autor principal: Dzurčaninová, Jana
Autor Corporativo: Fakulta podnikového manažmentu EU. Katedra manažmentu
Outros Autores: Nachtmannová, Oľga, 1963-
Formato: Livro
Idioma:eslovaco
Publicado em: Bratislava 2012
Tags: Adicionar Tag
Sem tags, seja o primeiro a adicionar uma tag!

MARC

LEADER 00000nbm a2200000 4500
001 0152418
005 20161109102035.7
041 0 |a slo 
044 |a SK 
245 1 0 |a Nové výzvy pre podnikovú zamestnaneckú politiku  |b diplomová práca  |c Jana Dzurčaninová ; školiteľ: Oľga Nachtmannová 
264 1 |a Bratislava  |c 2012 
300 |a 67 s. 
100 1 |a Dzurčaninová, Jana 
700 1 |a Nachtmannová, Oľga, 1963- 
710 2 |a Fakulta podnikového manažmentu EU. Katedra manažmentu